000 00433nam a2200205Ia 4500
001 11944
003 GE_BSU
008 181216s||||||||xx |||||||||||||| ||und||
020 _a0722184530
040 _cGE_BSU
080 _a821.111-312.4
100 _aThomas,Craic
245 _aSea Leopard.
260 _aLondon
260 _bSphere Books.
260 _c1981.
300 _a370p;18cm.
653 _aSea Leopard.
942 _cBK
999 _c45121
_d45121